Marxismo e historia social /

Guardado en:
Autor Principal: Hobsbawm, Eric J.
Otros Autores: Tamain, Osvaldo, pról.
Formato: Libro
Publicado: Buenos Aires : Tebeka
Materias:
Etiquetas: Agregar Etiqueta
Sin Etiquetas, Sea el primero en etiquetar este registro!
LEADER 00860nam a22002055a 4500
001 CEM.cems011187
005 20071105180123.0
008 130507b######################000#0#####d
003 CEMS
082 0 4 |a 193 
100 1 |a Hobsbawm, Eric J. 
245 1 0 |a Marxismo e historia social /  |c Eric J. Hobsbawm ; presentación de Osvaldo Tamain 
260 |a Buenos Aires :  |b Tebeka 
300 |a 132 p. 
505 0 |a De la historia social a la historia de la sociedad -- Notas para el estudio de las clases subalternas -- La conciencia de clase en la historia -- La contribución de Karl Marx a la historiografía -- La difusión del marxismo (1890-1905) -- Marxismo, nacionalismo e independentismo 
653 |a Filosofía 
653 |a Marxismo 
653 |a Historia social 
700 1 |a Tamain, Osvaldo, pról. 
859 |a CEMS  |b BIB. CEMS - 11 de abril  |h 193  |i H653  |p 22062.03  |t Ej.1